| 000 | 00328nam a22001217a 4500 | ||
|---|---|---|---|
| 999 |
_c4534 _d4534 |
||
| 008 | 250227b ||||| |||| 00| 0 eng d | ||
| 020 | _a9781848126527 | ||
| 082 | _a823.92 NIX | ||
| 100 |
_aNIX,GARTH _eAUTHOR |
||
| 245 | _aHAVE SWORD WILL TRAVEL | ||
| 260 |
_a80-81 WIMPOLE ST,LONDON W1G 9RE _bPICCADILLY PRESS _c2018 |
||
| 942 | _2ddc | ||